Loading...
| History - American History | 0 | 5 | 0 | 2 | 50 | 55 | 101.80 | 0 | 5 |
| Geography | 0 | 2 | 0 | 0 | 20 | 48 | 71.00 | 1 | 2 |
| Literature - World Literature | 0 | 2 | 0 | 0 | 20 | 131 | 133.50 | 0 | 2 |
| History - World History | 0 | 2 | 0 | 0 | 20 | 104 | 118.00 | 0 | 1 |
| Literature - European Literature | 0 | 2 | 0 | 1 | 20 | 139 | 143.00 | 0 | 2 |
| Religion | 0 | 2 | 1 | 1 | 15 | 73 | 93.50 | 0 | 2 |
| Pop Culture | 0 | 1 | 0 | 0 | 10 | 64 | 64.00 | 0 | 1 |
| Science - Other Science | 0 | 1 | 0 | 0 | 10 | 98 | 98.00 | 0 | 1 |
| Science - Chemistry | 0 | 1 | 0 | 0 | 10 | 83 | 83.00 | 0 | 1 |
| Fine Arts - Classical Music | 0 | 1 | 1 | 0 | 5 | 125 | 125.00 | 0 | 0 |
| Mythology | 0 | 0 | 0 | 0 | 0 | 0.00 | 0 | 0 | |
| History - European History | 0 | 1 | 2 | 0 | 0 | 82 | 82.00 | 0 | 1 |
| Literature - British Literature | 0 | 0 | 1 | 0 | -5 | 0.00 | 0 | 0 | |
| Fine Arts - Other Fine Arts | 0 | 0 | 1 | 0 | -5 | 0.00 | 0 | 0 | |
| Social Science | 0 | 0 | 1 | 0 | -5 | 0.00 | 0 | 0 | |
| Literature - American Literature | 0 | 0 | 1 | 0 | -5 | 0.00 | 0 | 0 | |
| Other Academic | 0 | 0 | 1 | 0 | -5 | 0.00 | 0 | 0 |